Quizzes
Events
Quiz Creation
Community
Videos
Private Events
Remove Ads
Sign In
Join for FREE
Feedback
Dark Mode
Quiz Categories
Sports
Geography
Music
Movies
Television
Just For Fun
Miscellaneous
History
Literature
Language
Science
Gaming
Entertainment
Religion
Holiday
For Kids
Quiz Lab
Recent
Popular Today
Quiz Kudos Today
Editor Picks
Curator Picks
Quizzes by...
Day
Popularity
Type
Ratings
Length
Year
Community
Subscriptions
Recent Discussions
Orange Saloon
Badges
Playlists
Quests
Create
Leaderboards
Showdown
Live 5
Trivia Bingo
Activity
Puzzle Library
Sporcle Events
Private Events
Virtual Trivia
Globe League
Become a Host
Pub Owners
SporcleCon
Opinionation
Our Games
Videos
Blog
Mobile Apps
Partnerships
Remove Ads and Go Orange
Feedback
Sports
Athletes
MLB
NBA
NHL
NFL
Soccer
Sports Teams
WWE
NCAA
Football
Premier League
Basketball
Baseball
Hockey
Golf
Tennis
Cricket
Rugby
Auto Racing
Olympics
World Cup
Sports
Athletes
MLB
NBA
NHL
NFL
Soccer
Sports Teams
WWE
NCAA
Football
Premier League
Basketball
Baseball
Hockey
Golf
Tennis
Cricket
Rugby
Auto Racing
Olympics
World Cup
Random Quiz
Search Sporcle
×
Quiz Lab
Quiz Lab
Sports
Hockey
Type in answers that appear in a list
Type in answers that appear in a list
Classic
Best Score? Go Orange.
Czech/Czechoslovak Hockey Players Of The Year Stats
Can you name the Czech And Czechoslovak Ice Hockey Players Of The Year (Winners Of Golden Stick/Zlatá Hokejka)?
By
screamer
7m
45 Questions
254 Plays
254 Plays
254 Plays
Comments
Comments
Give Quiz Kudos
Give Quiz Kudos
-
- Ratings
hide this ad
Replay
Link that replays current quiz
Next Quiz
Link to next quiz in quiz playlist
You Got
0%
They Got
Avg Score
65%
Avg Friend Score
Upgrade to see
Score Distribution
Jump to the score distribution portion of the page
Score
0/45
Timer
07:00
0
Plays Today
Year
Player
% Correct
1995
Jaromír Jágr
99.6%
1996
Jaromír Jágr
99.6%
1999
Jaromír Jágr
99.6%
2000
Jaromír Jágr
99.6%
2002
Jaromír Jágr
99.6%
2005
Jaromír Jágr
99.6%
2006
Jaromír Jágr
99.6%
2007
Jaromír Jágr
99.6%
2008
Jaromír Jágr
99.6%
2011
Jaromír Jágr
99.6%
1987
Dominik Hašek
94.9%
1989
Dominik Hašek
94.9%
1990
Dominik Hašek
94.9%
1997
Dominik Hašek
94.9%
1998
Dominik Hašek
94.9%
2009
Patrik Eliáš
92.9%
2012
Patrik Eliáš
92.9%
2013
David Krejčí
91.3%
2003
Milan Hejduk
85.8%
2001
Jiří Dopita
68.9%
2010
Tomáš Vokoun
68.1%
1978
Ivan Hlinka
66.9%
1986
Vladimír Růžička
63.4%
Year
Player
% Correct
1988
Vladimír Růžička
63.4%
2004
Robert Lang
56.3%
1973
Vladimír Martinec
49.6%
1975
Vladimír Martinec
49.6%
1976
Vladimír Martinec
49.6%
1977
Milan Nový
49.6%
1979
Vladimír Martinec
49.6%
1981
Milan Nový
49.6%
1982
Milan Nový
49.6%
1980
Peter Šťastný
47.2%
1994
Roman Turek
45.3%
1974
Jiří Holeček
39%
1985
Jiří Králík
36.6%
1971
František Pospíšil
31.1%
1972
František Pospíšil
31.1%
1993
Miloš Holaň
30.3%
1969
Jan Suchý
28.3%
1970
Jan Suchý
28.3%
1984
Igor Liba
22.8%
1983
Vincent Lukáč
16.9%
1991
Bedřich Ščerban
16.5%
1992
Róbert Švehla
14.6%
Quiz Playlist
Details
Report
Send in Message
Add To Playlist
Classic:
Type in answers that appear in a list
Last Updated: Feb 16, 2017
Quiz Scoreboard
CHALLENGE
Sign Up to Join the Scoreboard
Show All
Scores
Hide
Comments
May contain spoilers
Recently Published
Billboard Blitz: Fleetwood Mac
by CooCooCachoo
Music
15s
Presidents Visiting Landmarks
by Hejman
History
7m
An Introduction to Baseball
by treessimontrees
Sports
5m
More to Explore
Quiz From the Vault
Featured Blog Post
Where Did the Easter Bunny Come From?
hide this ad
You Might Also Like...
Tags
Hockey Quiz
Czech
ice
Ice Hockey
Player
stick
team
Winner
Today's Top Quizzes in Sports
Browse Sports
hide this ad
Today's Top Quizzes in Hockey
Browse Hockey
Top Contributed Quizzes in Sports
1
Les meilleurs buteurs des matchs entre le PSG et l’OM
2
2022 World Cup Stars
3
FIFA Club World Cup Champions
4
Les entraîneurs de l'OM et du PSG au 21e siècle
5
Criteria MLB: Left Handed Sluggers
6
Name the Premier League winners with different clubs
7
5-to-1: UK Sports Teams
8
AFC Teams Reveal (Wrong Answers Minefield)
9
Players with Multiple 50 Home Run Seasons
10
5-to-1: FBS Animal Nicknames
Explore More
Trending Topics
Anime
NBA
Marvel
Kpop
Harry Potter
Crossword
Disney
Soccer
Puzzle
Country
The Office
Pokémon
WWE
NFL
Song
hide this ad
More By:
screamer
Quiz
Plays
Rating
Category
Featured
Created
Hockey Hall of Fame Goalies Minefield
433
Sports
Jun 1, 2014
All Czech NHL players
1,623
5.00
Sports
Jun 23, 2014
ski jump world cup winners
1,565
4.00
Sports
Nov 8, 2009
Top 50 European NHL players
642
3.67
Sports
May 9, 2014
nationality of ice-hockey players
539
4.33
Sports
Nov 12, 2009
Hockey Hall of Fame Goalies Minefield
433
Sports
Jun 1, 2014
Go to Creator's Profile
Score Distribution
Quiz Creator Spotlight
screamer
Follow
Send a Message
Quizzes Created
-
Created Quiz Play Count
-
More By This Creator
Popular Quizzes Today
1
Find the US States - No Outlines Minefield
2
Find the Countries of Europe - No Outlines Minefield
3
The Countries of the World
4
Find the US States
5
US States
6
Risky Map Clicking: Biggest States A-Z
7
Popular People in 1961
8
Movies - When Are They Set?
More Sports Quizzes
Champions League Goalscorers: AC Milan
Quiz Lab
Trending Quizzes
Risky Map Clicking: Least Populous States A-Z
1-10 Letter G Words
1-10 Letter F Words
Risky Map Clicking: Next State Alphabetically
Risky Map Clicking: Biggest States A-Z
Recently Updated
Leaping Animals
pecheneg
Reality TV Shows (A-Z)
bhenderson79
Rickey Henderson's Hall of Fame Teammates
pecheneg
Champions League XIs: Arsenal
pecheneg
Quick Pick: Celebrities in WWE's Hall of Fame
aduchscher
A-Z Keypad Blitz II
pecheneg
Multiple Oscar Actors
pecheneg
Mystery Phrase Blitz: Oscar 'Best Actors'
pecheneg
F. Scott Fitzgerald Novels
LTH
Pick 3 Villains
ddd62291
Trending Topics
Harry Potter
Disney
Anime
Kpop
NBA
Marvel
Crossword
The Office
Puzzle
Pokémon
Song
WWE
Country
NFL
Soccer
Your Account Isn't Verified!
In order to create a playlist on Sporcle, you need to verify the email address you used during registration. Go to your
Sporcle Settings
to finish the process.
Report this User
Report this user for behavior that violates our
Community Guidelines
.
Details:
Send Report
Go to the Sporcle.com Mobile Site →
Comments